Construction matters (Record no. 108667)

MARC details
000 -LEADER
fixed length control field 01509cad a22002295a 4500
001 - CONTROL NUMBER
control field L145007
008 - FIXED-LENGTH DATA ELEMENTS--GENERAL INFORMATION
fixed length control field 080901e2008 xxk f f000 0 eng d
035 ## - SYSTEM CONTROL NUMBER
System control number (Sirsi) u145007
041 0# - LANGUAGE CODE
Language code of text/sound track or separate title eng
050 04 - LIBRARY OF CONGRESS CALL NUMBER
Classification number 333.33 $2 18
110 2# - MAIN ENTRY--CORPORATE NAME
Corporate name or jurisdiction name as entry element United Kingdom
Subordinate unit House of Commons
-- Business and Enterprise Committee
9 (RLIN) 5607
245 00 - TITLE STATEMENT
Title Construction matters
Remainder of title ninth report of session 2007-08, volume I
Medium [electronic resource]
260 ## - PUBLICATION, DISTRIBUTION, ETC.
Place of publication, distribution, etc. London
Name of publisher, distributor, etc. SO
Date of publication, distribution, etc. 2008
505 2# - FORMATTED CONTENTS NOTE
Formatted contents note The role of the client -- Increasing capacity -- Improving economic sustainability -- Fostering social sustainability -- Achieving environmental sustainability -- Raising standards -- Applying the lessons: the 2012 Olympics
520 ## - SUMMARY, ETC.
Summary, etc. Report covers the importance of the construction industry to the UK economy and demonstrates the strong link between construction projects and public service. Discusses the way in which the current economic downturn has affected the market and states that the government can aid recovery through the application of a rigorous regulatory framework. Also looks at the need to drive forward sustainable construction in the UK and advocates better strategic leadership through joined up working between industry and government.
521 ## - TARGET AUDIENCE NOTE
Target audience note Advanced
590 ## - LOCAL NOTE (RLIN)
Local note KA
651 #4 - SUBJECT ADDED ENTRY--GEOGRAPHIC NAME
Geographic name United Kingdom
Chronological subdivision
690 ## - LOCAL SUBJECT ADDED ENTRY--TOPICAL TERM (OCLC, RLIN)
Topical term or geographic name as entry element BUILT ENVIRONMENT-CONSTRUCTION MARKET
856 40 - ELECTRONIC LOCATION AND ACCESS
Uniform Resource Identifier <a href="https://www.publications.parliament.uk/pa/cm/cmberr.htm">https://www.publications.parliament.uk/pa/cm/cmberr.htm</a>
Public note View the item free of charge online at www.publications.parliament.uk
942 ## - ADDED ENTRY ELEMENTS (KOHA)
Suppress in OPAC 0
Holdings
Withdrawn status Lost status Source of classification or shelving scheme Damaged status Not for loan Home library Current library Shelving location Date acquired Total Checkouts Full call number Barcode Date last seen Copy number Price effective from Koha item type
    Dewey Decimal Classification     Virtual Virtual Online 01/09/2008   ONLINE PUBLICATION 145007-1001 06/08/2019 1 06/08/2019 Book